Music Quiz

Random Music or Song Quiz
Score 0/17 Timer 06:00
0 Plays Today
Clues From Basil The Mistress's Work % Correct
But I don't feel like taking my medicine today.Take The Pill
95.5%
Insult given to a male who suffers from a lack of ability in the more physical aspects of confrontationFight Like a Girl
93.9%
Would you like some crumpets with your massacre?Time for Tea
93.9%
No bigger than my pinkie, easily misplaced, but Oh! the excited to be had when it's found.The Key
87.9%
A vulture, if you will.Scavenger
86.4%
A small beacon at the end of the corridor that only seems to sink me further into despair.Gaslight
86.4%
I prefer them older myself, but we can't argue with the doctor now, can we?We Want Them Young
83.3%
The only way we seem to have is forward.One Foot In Front Of The Other
83.3%
I seem to have forgotten the answer to this question...What Will I Remember?
80.3%
Clues From Basil The Mistress's Work % Correct
Not exactly what you're thinking, you Motley crew.Girls! Girls! Girls!
80.3%
Smoke in my eyes and ash under my nails. Drat that dang match again!If I Burn
80.3%
All the devils are here!Hell Is Empty
77.3%
Shall it be bed time for the sweetest friends?Goodnight, Sweet Ladies
75.8%
With the closing of one book comes the...Start Another Story
72.7%
???I Don't Understand
71.2%
Can we hear that tiny glow again?Gaslight Reprise
71.2%
Pardon me, but what time do you have?4 O'Clock Reprise
69.7%
Remove Ads.
Support Sporcle.
Get the best of Sporcle when you Go Orange. This ad-free experience offers more features, more stats, and more fun while also helping to support Sporcle. Thank you for becoming a member.

You're not logged in!

Compare scores with friends on all Sporcle quizzes.
OR
Log In

Show Comments

Extras

Top Quizzes Today


Score Distribution

Your Account Isn't Verified!

In order to create a playlist on Sporcle, you need to verify the email address you used during registration. Go to your Sporcle Settings to finish the process.

Report this User

Report this user for behavior that violates our Community Guidelines.

Details: